El Cancionero de Juan Alfonso de Baena (siglo XV) / (Record no. 39504)

MARC details
000 -LEADER
campo de control de longitud fija 00965nam a2200241 i 4500
001 - NÚMERO DE CONTROL
campo de control 39504
003 - IDENTIFICADOR DE NÚMERO DE CONTROL
campo de control ES-MaACL
005 - FECHA Y HORA DE LA ÚLTIMA TRANSACCIÓN
campo de control 20231226205228.0
007 - CAMPO FIJO DE DESCRIPCIÓN FÍSICA--INFORMACIÓN GENERAL
campo de control de longitud fija t|
008 - DATOS DE LONGITUD FIJA--INFORMACIÓN GENERAL
campo de control de longitud fija 030303s1851 sp f |||| | spa d
130 0# - ENTRADA PRINCIPAL--TÍTULO UNIFORME
Título uniforme Cancionero de Baena.
9 (RLIN) 119658
245 13 - MENCIÓN DEL TÍTULO
Título El Cancionero de Juan Alfonso de Baena (siglo XV) /
Mención de responsabilidad, etc. ahora por primera vez dado a luz, con notas y comentarios [Eugenio de Ochoa, P.J. Pidal].
260 ## - PUBLICACIÓN, DISTRIBUCIÓN, ETC.
Lugar de publicación, distribución, etc. Madrid :
Nombre del editor, distribuidor, etc. M. Rivadeneyra,
Fecha de publicación, distribución, etc. 1851.
300 ## - DESCRIPCIÓN FÍSICA
Extensión LXXXVII, 732 p., [2] h. de lám. col. pleg ;
Dimensiones 26 cm.
530 ## - NOTA DISPONIBLE DE FORMULARIO FÍSICO ADICIONAL
Nota de formato físico adicional disponible Disponible en formato digital.
650 #4 - PUNTO DE ACCESO ADICIONAL DE MATERIA--TÉRMINO DE MATERIA
Término de materia o nombre geográfico como elemento de entrada Poesías españolas-
Subdivisión cronológica Hasta S.XV.
9 (RLIN) 152332
700 1# - ENTRADA AGREGADA--NOMBRE PERSONAL
Nombre de persona Baena, Juan Alfonso de.
9 (RLIN) 24586
700 1# - ENTRADA AGREGADA--NOMBRE PERSONAL
Nombre de persona Ochoa, Eugenio de.
9 (RLIN) 86476
700 1# - ENTRADA AGREGADA--NOMBRE PERSONAL
Nombre de persona Pidal, Pedro José,
Fechas asociadas al nombre 1799-1865
9 (RLIN) 174879
852 ## - LOCALIZACIÓN
Ubicación ES-MaACL
Número de control de estantería B-4776
856 ## - LOCALIZACIÓN Y ACCESO ELECTRÓNICOS
Identificador Uniforme de Recursos <a href="http://www.bibliotecavirtualdeandalucia.es/catalogo/es/consulta/registro.cmd?id=8091">http://www.bibliotecavirtualdeandalucia.es/catalogo/es/consulta/registro.cmd?id=8091</a>
Nota pública Biblioteca Virtual de Andalucía
Holdings
Estatus retirado Estado de pérdida Estado de daño No para préstamo Colección Biblioteca de origen Biblioteca actual Ubicación en estantería Fecha de adquisición Fuente de adquisición Total de préstamos Signatura topográfica completa Código de barras Visto por última vez Precio de reemplazo Tipo de ítem Koha
        Colección digital Biblioteca del Ateneo de Madrid Biblioteca del Ateneo de Madrid Sala Pardo Bazán 17/01/2008     B-4776 1041603 23/02/2023 23/02/2023 Libro impreso antiguo